Pedro Henríquez Ureña : (Registro nro. 7646)

Detalles MARC
000 -LIDER
fixed length control field 01287nam a2200289 a 4500
001 - NÚMERO DE CONTROL
Identificador de número de control 000017893
003 - IDENTIFICACDOR DE NÚMERO DE CONTROL
control field DO-SdBNP
005 - DATE AND TIME OF LATEST TRANSACTION
control field 20230925133247.0
007 - CAMPOS FIJOS DE DESCRIPCIÓN FÍSICA
fixed length control field 000017893
008 - ELEMENTOS DE LONGITUD FIJA
fixed length control field 100407s2003 dr ac001 0 spa d
020 ## - ISBN
International Standard Book Number 9993491829
040 ## - FUENTE DE CATALOGACIÓN
Agencia que crea de manera original el registro BPMSU
Idioma de catalogación spa
Agencia que realiza la transcripción BPMSU
082 #4 - NÚMERO DE CLASIFICACIÓN DECIMAL DE DEWEY
Classification number 928.61
Item number H519M, 2003
Edition number 22
100 1# - ASIENTO PRINCIPAL -- NOMBRE PERSONAL
Nombre personal Mateo, Andrés L.,
Fechas asociadas con el nombre 1946-
9 (RLIN) 3
245 10 - MENCIÓN DE TITULO
Título Pedro Henríquez Ureña :
Subtítulo errancia y creación /
Mención de responsabilidad Andrés L. Mateo.
260 ## - PUBLICACIÓN, DISTRIBUCIÓN, ETC. (PIE DE IMPRENTA)
Lugar de publicación, distribución, etc Santo Domingo :
Nombre del editor, distribuidor, etc. Santillana,
Fecha de publicación, distribución, etc 2003.
300 ## - DESCRIPCIÓN FÍSICA
Extensión 310 p. :
Otros detalles físicos il., retrs. ;
Dimensiones 22 cm.
490 0# - MENCIÓN DE SERIES
Mención de serie Taurus. Pensamiento
500 ## - NOTA GENERAL
Materiales especificados Incluye índice
504 ## - NOTA DE BIBLIOGRAFÍA, ETC.
Bibliography, etc Incluye bibliografía activa, bibliohemerografía e índice onomástico
504 ## - NOTA DE BIBLIOGRAFÍA, ETC.
Bibliography, etc Incluye referencias bibliográficas y notas al pie de las páginas
505 ## - NOTA DE CONTENIDO
Texto normalizado de contenido Introducción 11 -- Santo Domingo, Puerto Plata, Cabo Haitiano 13 -- Cabo Haitiano, Santo Domingo, Nueva York 65 -- La Habana, Veracruz 93 -- Ciudad de México 111 -- Washington, Minnesota, México 167 -- La Plata, Santo Domingo, Buenos Aires 219 -- Bibliografía activa 285 -- Bibliohemerografía pasiva 291 -- Índice onomástico 305
590 ## - NOTA LOCAL
Enlace Inventariado, 2022/VM
600 14 - ENCABEZAMIENTO DE MATERIA--NOMBRE PERSONAL
Nombre personal Henríquez Ureña, Pedro
Fechas asociadas con el nombre 1884-1946
Subdivisión de forma Biografías
910 ## - VALIDACIÓN
Validación VMateo V. Control de calidad
942 ## - ADDED ENTRY ELEMENTS (KOHA)
Source of classification or shelving scheme Dewey Decimal Classification
Koha item type Libros
Existencias
Withdrawn status Lost status Source of classification or shelving scheme Damaged status Not for loan Collection code Home library Current library Date acquired Full call number Barcode Date last seen Price effective from Koha item type Total Checkouts Copy number
    Dewey Decimal Classification     Colección Dominicana Biblioteca Pública Metropolitana Salomé Ureña Biblioteca Pública Metropolitana Salomé Ureña 04/15/2015 BPUMSU CD 928.61 H519m 2003 BPMSU15040437 04/15/2015 04/15/2015 Materiales mixtos    
    Dewey Decimal Classification     Colección Dominicana Biblioteca Pública Metropolitana Salomé Ureña Biblioteca Pública Metropolitana Salomé Ureña 04/15/2015 BPUMSU CD 928.61 H519m 2003 BPMSU23090004 09/25/2023 04/15/2015 Libros   e.2